banner koha

Efeito de inseticidas sobre o Tripes Frankliniella schultzei (Trybom)em mangueira (Registro n. 297325)

MARC details
000 -LÍDER
campo de controle de tamanho fixo 01022nac a22003257a 4500
001 - NÚMERO DE CONTROLE
campo de controle BR2011000063
003 - IDENTIFICADOR DO NÚMERO DE CONTROLE
campo de controle BR-BrBNA
005 - DATA E HORÁRIO DA ÚLTIMA TRANSAÇÃO
campo de controle 20240105123851.0
008 - CAMPO DE DADOS FIXOS--INFORMAÇÃO GERAL
campo de controle de tamanho fixo 230509b bl.|||m| |||| 00| 0 por d
040 ## - FONTE DA CATALOGAÇÃO
Instituição da catalogação original BR-BrBNA
Idioma da catalogação por
Instituição que transcreveu o registro Biblioteca Nacional de Agricultura
072 ## - CÓDIGO DE CATEGORIA DE ASSUNTO
Código de Categoria de Assunto H10
090 ## - NÚMERO DE CHAMADA LOCAL
Número de chamada 1120 BR2011000063
100 1# - ENTRADA PRINCIPAL--NOME PESSOAL
Nome pessoal Mesquita, A.L.M.
100 1# - ENTRADA PRINCIPAL--NOME PESSOAL
Nome pessoal Guimarães, J.A.
100 1# - ENTRADA PRINCIPAL--NOME PESSOAL
Nome pessoal Martins, A.G.
100 1# - ENTRADA PRINCIPAL--NOME PESSOAL
Nome pessoal Monteiro, R.C.
110 1# - ENTRADA PRINCIPAL--NOME CORPORATIVO
Nome corporativo ou nome da jurisdição EMBRAPA Agroindústria Tropical, Fortaleza, CE (Brasil)
9 (RLIN) 3541
245 1# - TÍTULO
Título Efeito de inseticidas sobre o Tripes Frankliniella schultzei (Trybom)em mangueira
260 3# - PUBLICAÇÃO, DISTRIBUIÇÃO, ETC.
Local de publicação, distribuição, etc. Fortaleza, CE (Brasil):
Data da publicação, distribuição, etc. 2008.
300 ## - DESCRIÇÃO FÍSICA
Extensão 4 p.
490 ## - TÍTULO DA SÉRIE
Título da série Comunicado Técnico - EMBRAPA Agroindústria Tropical (Brazil)
Número do volume ou designação sequencial da série no. 134
ISSN - International Standard Serial Number ISSN 1679-6527
500 ## - NOTA GERAL
Nota geral 10 ref.
650 ## - ASSUNTO--TERMO TÓPICO
Cabeçalho tópico ou nome geográfico MANGA
650 ## - ASSUNTO--TERMO TÓPICO
Cabeçalho tópico ou nome geográfico PRAGA DE PLANTA
650 ## - ASSUNTO--TERMO TÓPICO
Cabeçalho tópico ou nome geográfico TRIPS
650 ## - ASSUNTO--TERMO TÓPICO
Cabeçalho tópico ou nome geográfico INSETICIDA
650 ## - ASSUNTO--TERMO TÓPICO
Cabeçalho tópico ou nome geográfico CONTROLE QUÍMICO
909 ## -
-- 202312
-- Lúcia Elande
-- 55
-- Lúcia Elande
942 ## - ELEMENTOS DE ENTRADA ADICIONADOS (KOHA)
Fonte da classificação ou esquema de arquivamento na estante Classificação AGRIS
Ocultar no OPAC Não
Tipo de material Koha Monografia Seriada
Exemplares
Situação do descarte Fonte da classificação ou esquema de arquivamento na estante Situação física Não pode ser emprestado Coleção Biblioteca de origem Biblioteca atual Localização na estante Total de empréstimos Número de telefone completo Código de barras Data de último acesso Tipo de material Koha Fonte de aquisição
  Classificação AGRIS       Biblioteca Nacional de Agricultura - Binagri Biblioteca Nacional de Agricultura - Binagri Agrobase - Acervo Geral   1120 BR2011000063 1120 BR2011000063 18/12/2023 Monografia Seriada Portaria Interministerial nº 164/94

BINAGRI

Telefone: (61)3218-2567/2388/3357/2097 - binagri@agro.gov.br

Ministério da Agricultura e Pecuária , Esplanada dos Ministérios, Bloco D, Anexo B, Brasília/DF, CEP: 70.043-900